| Tag |
First Indicator |
Second Indicator |
Subfields |
| LEADER |
00000cam a2200000 4500 |
| 001 |
in00000036580 |
| 005 |
20151007060920.0 |
| 008 |
800627s1953 enka 00000 eng d |
| 035 |
|
|
|a (OCoLC)06465207
|
| 035 |
|
|
|9 AAD0571AM
|
| 040 |
|
|
|a TXA
|c TXA
|d UtOrBLW
|
| 049 |
|
|
|a TXAM
|c [242292]
|
| 090 |
|
|
|a SB413.T9
|b C87 1953
|
| 092 |
|
|
|a 635.933
|b T917c
|
| 100 |
1 |
|
|a Cusdin, J. A.
|
| 245 |
1 |
0 |
|a Tulip forcing /
|c by J.A. Cusdin.
|
| 264 |
|
1 |
|a London :
|b Benn,
|c [1953]
|
| 300 |
|
|
|a 87 pages :
|b illustrations ;
|c 18 cm.
|
| 336 |
|
|
|a text
|b txt
|2 rdacontent
|
| 337 |
|
|
|a unmediated
|b n
|2 rdamedia
|
| 338 |
|
|
|a volume
|b nc
|2 rdacarrier
|
| 650 |
|
0 |
|a Tulips.
|
| 999 |
|
|
|a MARS
|
| 999 |
f |
f |
|s b7fd781e-6cc8-31aa-b199-d9b6745f18d1
|i 36c95889-b2a1-37f8-9ca3-3d332aabdcdd
|t 0
|
| 952 |
f |
f |
|p ric
|a Texas A&M University
|b Rellis Campus
|c Joint Library Facility
|d Remote Storage
|t 0
|e SB413.T9 C87 1953
|h Library of Congress classification
|i unmediated -- volume
|m A14801085068
|
| 998 |
f |
f |
|a SB413.T9 C87 1953
|t 0
|l Remote Storage
|